| 000 | 00487nam a2200169 a 4500 | ||
|---|---|---|---|
| 001 | 4050 | ||
| 005 | 20140414131901.0 | ||
| 008 | 081211s19uu xx 00 eng d | ||
| 020 | _a | ||
| 050 |
_aM 158.1 _bC16 2005 |
||
| 245 |
_aChicken soup for the soul : _bThe book of christmas virtues / _c[compiled by] Jack Canfield ... [et al.]. |
||
| 260 |
_aNew York : _bScholastic , _c2005. |
||
| 650 |
_a _x |
||
| 700 | _aCanfield, Jack | ||
| 700 | _aHansen, Mark Victor | ||
| 999 |
_c110653 _d110653 |
||